| 000 | 00452nam a2200169 a 4500 | ||
|---|---|---|---|
| 001 | 2365 | ||
| 003 | CDMR | ||
| 005 | 20131001103017.0 | ||
| 008 | 130130s1972||||||||||||||||||||||||||||d | ||
| 040 |
_aCDMR _bcat _cCDMR |
||
| 100 | 1 |
_aSauvage, Nicole _91766 |
|
| 245 | 1 | 3 |
_aLa televisión _b: los niños, la familia _cNicole Sauvage |
| 260 |
_aBilbao _c1972 _bMensajero |
||
| 300 |
_a156 p. _bil. b/n |
||
| 650 | 0 | 4 |
_92508 _aTelevisió i infants |
| 942 |
_cMON _2udc |
||
| 999 |
_c2365 _d2365 |
||